000 01035nam2a2200253 i 4500
001 RU\NLR\bibl\2023212
005 20241225192622.0
010 _a9785934931798
_9200
021 _aRU
_b2013-21913
_91543
035 _a(NLR Aleph) 002011373
090 _a4459812
_c4459812
100 _a20130412d2012 u y0rusy50 ca
101 0 _arus
102 _aRU
105 _aa |||||||||
200 0 _aЧ. 1
210 _d2012
215 _a187 с.
_cил., карты
461 1 _1001RU\NLR\bibl\2031171
_12001#$aМезозойские гранитоиды золотоносных районов Верхнего Приамурья$vЧ. 1
_0RU\NLR\bibl\2031171
_94495581
_aСтриха, В. Е.
_cБлаговещенск
_d2012
_fВ.Е. Стриха
_nИзд-во АмГУ
_oмонография
_tМезозойские гранитоиды золотоносных районов Верхнего Приамурья
_vЧ. 1
801 0 _aRU
_bNLR
_c20130412
_gRCR
801 1 _aRU
_bNLR
_c20130412
942 _cBOOK
980 _aNBR